000 00802cam a22002533a 4500
001 27205
003 PGUSA
005 20140828083604.0
008 081109s2008||||xxu|||||s|||||000 | eng d
040 _aPGUSA
_beng
042 _adc
050 4 _aBF
100 1 _aHecker, Ewald
245 1 0 _aDie Physiologie und Psychologie des Lachens und des Komischen. :
_bEin Beitrag zur experimentellen Psychologie für Naturforscher, Philosophen und gebildete Laien.
_h[electronic resource] /
_cEwald Hecker
260 _bProject Gutenberg,
_c2008
506 _aPublic domain in the USA.
516 _aElectronic text
653 _aComic, The
653 _aPsychophysiology
653 _aLaughter
830 0 _aProject Gutenberg
_v27205
856 4 0 _uhttp://www.gutenberg.org/ebooks/27205
942 _cEB
999 _c256460
_d256460